| 000 | 00699nam a22001577a 4500 | ||
|---|---|---|---|
| 003 | OSt | ||
| 005 | 20151022092455.0 | ||
| 008 | 151022b xxu||||| |||| 00| 0 eng d | ||
| 040 | _cRUA | ||
| 082 | _aAVM PIN 2009 B089 Or.1 | ||
| 100 |
_92675 _aPIN, CHANRATANA. |
||
| 245 | _aThe effectiveness of village animal health worker creating in senmonirom district, mondulkiri province (ប្រសិទ្ធភាពនៃការបង្កើតភ្នាក់ងារសុខភាពសត្វភូមិនៅស្រុកសែនមនោរម្យខេត្តមណ្ឌលគិរី) | ||
| 260 |
_aPhnom Penh _bRUA _c2009 |
||
| 300 |
_ax, 53p. _bill. _c29cm. |
||
| 942 |
_2ddc _cAVM |
||
| 999 |
_c2507 _d2507 |
||